| 000 | 00817nam a22002657a 4500 | ||
|---|---|---|---|
| 003 | CHAP | ||
| 005 | 20220329134719.0 | ||
| 008 | 971013s1963 r 00010 d | ||
| 010 | _a24663 | ||
| 011 | _a25635 | ||
| 035 | _a29735 | ||
| 040 | _cCHAP | ||
| 082 |
_a333.09861 _bI5 |
||
| 110 |
_aInstituto Colombiano de la Reforma Agraria _959091 |
||
| 245 | _aInforme de actividades, 1962 - | ||
| 260 |
_aBogotá : _bInstituto Colombiano de la Reforma Agraria, _c1963 - |
||
| 300 |
_av. _b: ilus |
||
| 590 |
_aBATCH-UPD _b10 _c20130110 _lUCH01 _h2233 |
||
| 590 |
_aCONVERSION _b10 _c20130109 _lUCH01 _h1314 |
||
| 650 | 1 | 4 |
_aReforma agraria _xColombia. _995535 |
| 650 | 1 | 4 |
_aTierras _xTenencia _xColombia. _9113153 |
| 901 | _aBK | ||
| 942 | _cLIBRO | ||
| 949 |
_a333.09861 I5 _bBC _cLIBRO _d33724000329561 _eLIBRO _i29735 _mD _si |
||
| 999 |
_c24663 _d24663 |
||